Normal view
MARC view
- Patankar, Suhas V.,
Entry Personal Name
001 - CONTROL NUMBER
- control field: 82614
003 - CONTROL NUMBER IDENTIFIER
- control field: NUST
005 - DATE AND TIME OF LATEST TRANSACTION
- control field: 20210922152418.0
008 - FIXED-LENGTH DATA ELEMENTS
- fixed length control field: 210922|| aca||aabn | a|a d
040 ## - CATALOGING SOURCE
- Original cataloging agency: NUST
- Transcribing agency: NUST
100 ## - HEADING--PERSONAL NAME
- Personal name: Patankar, Suhas V.,
- Dates associated with a name: 1941-
670 ## - SOURCE DATA FOUND
- Source citation: Work cat.: (NUST)32526: Patankar, Suhas V., 1941-, Numerical heat transfer and fluid flow /, c1980.
